00482nam a2200145 a 450000500170000000800410001705000230005810000220008124500680010325000120017126000610018330000290024452100090027365000540028220140310183139.0020821s19uu xx 00 eng d aJQ 1412b.L48 1995 aLeveriza, Jose P. aPersonnel Administration in the Government /cJose P. Leveriza. a2nd ed. aMetro Manila, Philippines :bNational Book Store,c1995. a243 p. :bill. ;c22 cm. aBSBA aCivil servicexPhilippinesxpersonnel management.